[Event "DVM U14 2023"]
[Site "Magdeburg GER"]
[Date "2023.12.27"]
[Round "2"]
[White "Marcziter, Alex"]
[Black "Goldmann, David"]
[Result "1/2-1/2"]
[Termination "normal"]
[Board "4.1"]
[WhiteElo "1843"]
[BlackElo "1925"]
[WhiteClock "00:27:15"]
[BlackClock "01:05:21"]
[WhiteTeam "SG Porz"]
[BlackTeam "Hamburger SK 1830"]
[PlyCount "61"]
[WhiteFideId "16258126"]
[BlackFideId "16268920"]
[EventCountry "GER"]
[EventRounds "7"]
[EventType "team-swiss"]
[EventDate "2023.12.26"]

1. e4 {[%clk 01:30:57]} {[%emt 00:00:01]} c5 {[%clk 01:30:51]} {[%emt
00:00:09]} 2. Nc3 {[%clk 01:31:10]} {[%emt 00:00:17]} Nc6 {[%clk 01:31:16]}
{[%emt 00:00:05]} 3. g3 {[%clk 01:31:18]} {[%emt 00:00:22]} g6 {[%clk
01:31:42]} {[%emt 00:00:05]} 4. Bg2 {[%clk 01:31:23]} {[%emt 00:00:26]} Bg7
{[%clk 01:32:11]} 5. d3 {[%clk 01:31:33]} {[%emt 00:00:19]} e6 {[%clk
01:32:23]} {[%emt 00:00:18]} 6. Be3 {[%clk 01:29:59]} {[%emt 00:02:05]} b6
{[%clk 01:32:24]} {[%emt 00:00:29]} 7. Qd2 {[%clk 01:29:01]} {[%emt 00:01:28]}
Nge7 {[%clk 01:32:35]} {[%emt 00:00:18]} 8. Bh6 {[%clk 01:27:59]} {[%emt
00:01:33]} O-O {[%clk 01:31:36]} {[%emt 00:01:29]} 9. h4 {[%clk 01:26:28]}
{[%emt 00:02:01]} f6 {[%clk 01:28:49]} {[%emt 00:03:17]} 10. Bxg7 {[%clk
01:25:04]} {[%emt 00:01:53]} Kxg7 11. h5 {[%clk 01:25:04]} {[%emt 00:00:31]} g5
{[%clk 01:28:52]} 12. O-O-O {[%clk 01:18:50]} {[%emt 00:07:40]} h6 {[%clk
01:27:25]} 13. f4 {[%clk 01:12:28]} {[%emt 00:08:50]} e5 {[%clk 01:26:44]} 14.
fxg5 {[%clk 01:10:43]} {[%emt 00:03:26]} fxg5 {[%clk 01:27:05]} 15. Nf3 {[%clk
01:10:49]} {[%emt 00:00:33]} d6 {[%clk 01:27:08]} 16. Rdf1 {[%clk 01:06:15]}
{[%emt 00:05:31]} Ng8 {[%clk 01:25:42]} 17. Kb1 {[%clk 01:00:31]} {[%emt
00:08:10]} Bg4 {[%clk 01:24:59]} 18. Nd5 {[%clk 00:50:29]} {[%emt 00:11:46]}
Bxf3 {[%clk 01:18:40]} 19. Bxf3 {[%clk 00:48:50]} {[%emt 00:08:57]} Nf6 {[%clk
01:16:58]} 20. Nxf6 {[%clk 00:48:25]} {[%emt 00:03:08]} Rxf6 {[%clk 01:13:51]}
21. Bg4 {[%clk 00:47:51]} {[%emt 00:04:41]} Qe7 {[%clk 01:13:56]} 22. c3 {[%clk
00:46:04]} {[%emt 00:02:42]} Rxf1+ {[%clk 01:13:19]} 23. Rxf1 {[%clk 00:46:24]}
{[%emt 00:01:16]} Rf8 {[%clk 01:13:44]} 24. Rf5 {[%clk 00:45:29]} {[%emt
00:01:31]} Rxf5 {[%clk 01:11:05]} 25. Bxf5 {[%clk 00:45:31]} {[%emt 00:03:37]}
b5 {[%clk 01:10:40]} 26. Qc2 {[%clk 00:41:53]} {[%emt 00:05:02]} Qf7 {[%clk
01:10:13]} 27. g4 {[%clk 00:40:05]} {[%emt 00:03:16]} Kf8 {[%clk 01:08:28]}
{[%emt 00:02:14]} 28. Qd1 {[%clk 00:36:42]} {[%emt 00:03:52]} Ke7 {[%emt
00:01:08]} 29. Qc2 {[%clk 00:29:25]} {[%emt 00:06:57]} Kd8 {[%clk 01:07:50]}
{[%emt 00:01:20]} 30. Qe2 {[%clk 00:28:13]} {[%emt 00:01:42]} a6 {[%clk
01:05:21]} {[%emt 00:02:58]} 31. Qc2 {[%clk 00:27:15]} {[%emt 00:01:28]}
1/2-1/2

[Event "DVM U14 2023"]
[Site "Magdeburg GER"]
[Date "2023.12.27"]
[Round "2"]
[White "Braun, Julian"]
[Black "Burlutskaia, Maria"]
[Result "0-1"]
[Termination "normal"]
[Board "4.2"]
[WhiteElo "1674"]
[BlackElo "1771"]
[WhiteClock "00:37:56"]
[BlackClock "00:45:05"]
[WhiteTeam "Hamburger SK 1830"]
[BlackTeam "SG Porz"]
[PlyCount "92"]
[WhiteFideId "16289293"]
[BlackFideId "34607137"]
[EventCountry "GER"]
[EventRounds "7"]
[EventType "team-swiss"]
[EventDate "2023.12.26"]

1. e4 {[%clk 01:30:59]} {[%emt 00:22:03]} e5 {[%clk 01:30:53]} {[%emt
00:00:07]} 2. Nf3 {[%clk 01:31:29]} Nc6 {[%clk 01:31:10]} {[%emt 00:00:14]} 3.
Bc4 {[%clk 01:31:55]} {[%emt 00:00:05]} Nf6 {[%clk 01:31:28]} {[%emt 00:00:11]}
4. d4 {[%clk 01:32:22]} {[%emt 00:00:03]} exd4 {[%clk 01:31:16]} {[%emt
00:00:42]} 5. e5 {[%clk 01:32:43]} {[%emt 00:00:09]} d5 {[%clk 01:30:55]}
{[%emt 00:00:50]} 6. Bb5 {[%clk 01:33:12]} {[%emt 00:00:02]} Ne4 {[%clk
01:31:16]} {[%emt 00:00:09]} 7. Nxd4 {[%clk 01:33:33]} {[%emt 00:00:09]} Bd7
{[%clk 01:31:39]} {[%emt 00:00:06]} 8. Bxc6 {[%clk 01:33:50]} {[%emt 00:00:13]}
bxc6 {[%clk 01:32:02]} {[%emt 00:00:07]} 9. O-O {[%clk 01:34:06]} {[%emt
00:00:15]} Bc5 {[%clk 01:32:08]} {[%emt 00:00:24]} 10. Be3 {[%clk 01:34:18]}
{[%emt 00:00:18]} Bb6 {[%clk 01:32:29]} {[%emt 00:00:09]} 11. f3 {[%clk
01:33:27]} {[%emt 00:01:21]} Ng5 {[%clk 01:32:51]} {[%emt 00:00:07]} 12. f4
{[%clk 01:33:18]} {[%emt 00:00:39]} Ne4 {[%clk 01:33:07]} {[%emt 00:00:14]} 13.
Nc3 {[%clk 01:32:49]} {[%emt 00:01:00]} Nxc3 {[%clk 01:32:51]} {[%emt
00:00:45]} 14. bxc3 {[%clk 01:33:16]} {[%emt 00:00:04]} c5 {[%clk 01:33:02]}
{[%emt 00:00:19]} 15. Nb3 {[%clk 01:32:56]} {[%emt 00:00:50]} c4 {[%clk
01:21:04]} {[%emt 00:12:28]} 16. Nd4 {[%clk 01:32:57]} {[%emt 00:00:29]} c5
{[%clk 01:17:31]} {[%emt 00:04:02]} 17. Nf3 {[%clk 01:32:45]} {[%emt 00:00:42]}
Bc6 {[%clk 01:17:34]} {[%emt 00:00:27]} 18. f5 {[%clk 01:30:16]} {[%emt
00:03:00]} d4 {[%clk 01:16:36]} {[%emt 00:01:28]} 19. cxd4 {[%clk 01:29:30]}
{[%emt 00:01:16]} Bxf3 {[%clk 01:16:37]} {[%emt 00:00:28]} 20. Qxf3 {[%clk
01:29:15]} {[%emt 00:00:45]} cxd4 {[%clk 01:16:50]} {[%emt 00:00:18]} 21. Rad1
{[%clk 01:28:29]} {[%emt 00:01:16]} O-O {[%clk 01:14:37]} {[%emt 00:02:43]} 22.
Bf2 {[%clk 01:27:41]} {[%emt 00:01:17]} Re8 {[%clk 01:12:34]} {[%emt 00:02:33]}
23. f6 {[%clk 01:25:20]} {[%emt 00:02:52]} Rxe5 {[%clk 01:10:33]} {[%emt
00:02:31]} 24. fxg7 {[%clk 01:25:34]} {[%emt 00:00:16]} Qd5 {[%clk 01:09:40]}
{[%emt 00:01:24]} 25. Qxd5 {[%clk 01:12:11]} {[%emt 00:13:53]} Rxd5 {[%clk
01:10:02]} {[%emt 00:00:10]} 26. Rfe1 {[%clk 01:11:46]} {[%emt 00:00:53]} Rc8
{[%clk 01:05:04]} {[%emt 00:05:28]} 27. c3 {[%clk 01:05:15]} {[%emt 00:07:01]}
d3 {[%clk 01:01:42]} {[%emt 00:03:52]} 28. Re4 {[%clk 01:01:15]} {[%emt
00:04:30]} Kxg7 {[%clk 00:57:28]} {[%emt 00:04:44]} 29. Rd2 {[%clk 00:58:25]}
{[%emt 00:03:20]} Rc6 {[%clk 00:56:04]} {[%emt 00:01:53]} 30. Bxb6 {[%clk
00:56:02]} {[%emt 00:02:53]} axb6 {[%clk 00:52:17]} {[%emt 00:04:17]} 31. Kf2
{[%clk 00:55:02]} {[%emt 00:01:30]} Kf6 {[%clk 00:51:51]} {[%emt 00:00:56]} 32.
Rh4 {[%clk 00:53:05]} {[%emt 00:02:26]} Rf5+ {[%clk 00:50:21]} {[%emt
00:02:00]} 33. Kg3 {[%clk 00:51:39]} {[%emt 00:01:56]} h5 {[%clk 00:47:28]}
{[%emt 00:03:23]} 34. Re4 {[%clk 00:47:54]} {[%emt 00:04:15]} b5 {[%clk
00:46:45]} {[%emt 00:01:13]} 35. h3 {[%clk 00:43:54]} {[%emt 00:04:30]} Re6
{[%clk 00:46:42]} {[%emt 00:00:34]} 36. Rf4 {[%clk 00:41:53]} {[%emt 00:02:30]}
Re3+ {[%clk 00:44:03]} {[%emt 00:03:09]} 37. Rf3 {[%clk 00:40:08]} {[%emt
00:02:14]} Rfxf3+ {[%clk 00:43:48]} {[%emt 00:00:46]} 38. gxf3 {[%clk
00:40:36]} {[%emt 00:00:03]} Re2 {[%clk 00:44:04]} {[%emt 00:00:13]} 39. Rxe2
{[%clk 00:39:06]} {[%emt 00:02:00]} dxe2 {[%clk 00:44:17]} {[%emt 00:00:17]}
40. Kf2 {[%clk 00:39:30]} {[%emt 00:00:05]} Kg5 {[%clk 00:44:06]} {[%emt
00:00:41]} 41. Kxe2 {[%clk 00:39:26]} {[%emt 00:00:34]} Kh4 {[%clk 00:44:08]}
{[%emt 00:00:29]} 42. f4 {[%clk 00:38:28]} {[%emt 00:01:28]} Kxh3 {[%clk
00:43:39]} {[%emt 00:00:59]} 43. Kf3 {[%clk 00:38:21]} {[%emt 00:00:36]} Kh4
{[%clk 00:44:04]} {[%emt 00:00:06]} 44. a3 {[%clk 00:37:38]} {[%emt 00:01:13]}
f5 {[%clk 00:44:15]} {[%emt 00:00:19]} 45. Kf2 {[%clk 00:37:35]} {[%emt
00:00:32]} Kg4 {[%clk 00:44:40]} {[%emt 00:00:05]} 46. Ke3 {[%clk 00:37:56]}
{[%emt 00:00:09]} Kg3 {[%clk 00:45:05]} {[%emt 00:00:06]} 0-1

[Event "DVM U14 2023"]
[Site "Magdeburg GER"]
[Date "2023.12.27"]
[Round "2"]
[White "Blomer, Moritz"]
[Black "Dorendorf, Mika"]
[Result "1/2-1/2"]
[Termination "normal"]
[Board "4.3"]
[WhiteElo "1761"]
[BlackElo "1698"]
[WhiteClock "00:18:49"]
[BlackClock "00:41:41"]
[WhiteTeam "SG Porz"]
[BlackTeam "Hamburger SK 1830"]
[PlyCount "49"]
[WhiteFideId "34608370"]
[BlackFideId "16283066"]
[EventCountry "GER"]
[EventRounds "7"]
[EventType "team-swiss"]
[EventDate "2023.12.26"]

1. Nf3 {[%clk 01:30:57]} {[%emt 00:00:02]} d5 {[%clk 01:30:41]} {[%emt
00:00:19]} 2. g3 {[%clk 01:31:21]} {[%emt 00:00:06]} g6 {[%clk 01:28:40]}
{[%emt 00:02:31]} 3. Bg2 {[%clk 01:31:41]} {[%emt 00:00:10]} Bg7 {[%clk
01:28:44]} {[%emt 00:00:27]} 4. d4 {[%clk 01:32:03]} {[%emt 00:00:08]} Nf6
{[%clk 01:27:38]} {[%emt 00:01:35]} 5. O-O {[%clk 01:32:18]} {[%emt 00:00:16]}
O-O {[%clk 01:27:00]} {[%emt 00:01:08]} 6. c4 {[%clk 01:32:39]} {[%emt
00:00:09]} c6 {[%clk 01:27:02]} {[%emt 00:00:28]} 7. cxd5 {[%clk 01:32:59]}
{[%emt 00:00:10]} cxd5 {[%clk 01:27:28]} {[%emt 00:00:05]} 8. Nc3 {[%clk
01:33:07]} {[%emt 00:00:21]} Nc6 {[%clk 01:27:11]} {[%emt 00:00:46]} 9. Ne5
{[%clk 01:33:30]} {[%emt 00:00:08]} Bf5 {[%clk 01:24:41]} {[%emt 00:03:00]} 10.
h3 {[%clk 01:27:44]} {[%emt 00:06:17]} Qb6 {[%clk 01:13:20]} {[%emt 00:11:51]}
11. Na4 {[%clk 01:21:33]} {[%emt 00:06:41]} Qc7 {[%clk 01:02:44]} {[%emt
00:11:05]} 12. Bf4 {[%clk 01:12:53]} {[%emt 00:09:09]} Nh5 {[%clk 01:02:08]}
{[%emt 00:01:07]} 13. Nxg6 {[%clk 00:54:57]} {[%emt 00:18:26]} Nxf4 {[%clk
01:01:34]} {[%emt 00:01:05]} 14. Nxf4 {[%clk 00:54:24]} {[%emt 00:01:02]} e6
{[%clk 00:58:28]} {[%emt 00:03:36]} 15. e3 {[%clk 00:51:05]} {[%emt 00:03:49]}
Rac8 {[%clk 00:54:24]} {[%emt 00:04:34]} 16. Nc3 {[%clk 00:43:44]} {[%emt
00:07:50]} Rfd8 {[%clk 00:53:09]} {[%emt 00:01:45]} 17. a3 {[%clk 00:38:42]}
{[%emt 00:05:32]} Na5 {[%clk 00:51:56]} {[%emt 00:01:43]} 18. g4 {[%clk
00:34:16]} {[%emt 00:04:56]} Bg6 {[%clk 00:50:49]} {[%emt 00:01:37]} 19. Nxg6
{[%clk 00:34:06]} {[%emt 00:00:41]} hxg6 {[%clk 00:51:08]} {[%emt 00:00:09]}
20. Rc1 {[%clk 00:25:43]} {[%emt 00:08:54]} Nc4 {[%clk 00:49:50]} {[%emt
00:01:47]} 21. Qe2 {[%clk 00:25:12]} {[%emt 00:01:02]} Qb6 {[%clk 00:47:46]}
{[%emt 00:02:32]} 22. Rc2 {[%clk 00:24:41]} {[%emt 00:01:03]} Qb3 {[%clk
00:45:46]} {[%emt 00:02:30]} 23. Rfc1 {[%clk 00:23:40]} {[%emt 00:01:31]} Rc6
{[%clk 00:44:52]} {[%emt 00:01:24]} 24. Nb1 {[%clk 00:20:11]} {[%emt 00:03:59]}
Nxb2 {[%clk 00:41:41]} {[%emt 00:03:41]} 25. Rxc6 {[%clk 00:18:49]} {[%emt
00:01:52]} 1/2-1/2

[Event "DVM U14 2023"]
[Site "Magdeburg GER"]
[Date "2023.12.27"]
[Round "2"]
[White "Borgert, Alexander"]
[Black "Mohebbi, Sam"]
[Result "0-1"]
[Termination "normal"]
[Board "4.4"]
[WhiteElo "1509"]
[BlackElo "1567"]
[WhiteClock "01:10:43"]
[BlackClock "01:01:54"]
[WhiteTeam "Hamburger SK 1830"]
[BlackTeam "SG Porz"]
[PlyCount "54"]
[WhiteFideId "16289188"]
[BlackFideId "34607293"]
[EventCountry "GER"]
[EventRounds "7"]
[EventType "team-swiss"]
[EventDate "2023.12.26"]

1. d4 {[%clk 01:30:54]} {[%emt 00:00:05]} Nf6 {[%clk 01:30:53]} {[%emt
00:00:07]} 2. c4 {[%clk 01:31:19]} {[%emt 00:00:06]} e6 {[%clk 01:30:56]}
{[%emt 00:00:27]} 3. Nc3 {[%clk 01:31:42]} {[%emt 00:00:06]} Bb4 {[%clk
01:30:51]} {[%emt 00:00:35]} 4. Qc2 {[%clk 01:32:02]} {[%emt 00:00:10]} d5
{[%clk 01:30:45]} {[%emt 00:00:36]} 5. cxd5 {[%clk 01:32:25]} {[%emt 00:00:07]}
exd5 {[%clk 01:31:08]} {[%emt 00:00:07]} 6. Nf3 {[%clk 01:32:41]} {[%emt
00:00:14]} Ne4 {[%clk 01:30:44]} {[%emt 00:00:54]} 7. Bd2 {[%clk 01:32:28]}
{[%emt 00:00:40]} Bxc3 {[%clk 01:28:05]} {[%emt 00:03:12]} 8. Bxc3 {[%clk
01:32:47]} {[%emt 00:00:11]} O-O {[%clk 01:27:41]} {[%emt 00:00:54]} 9. e3
{[%clk 01:32:59]} {[%emt 00:00:17]} Nd7 {[%clk 01:27:10]} {[%emt 00:01:02]} 10.
Bd3 {[%clk 01:32:51]} {[%emt 00:00:34]} Ndf6 {[%clk 01:27:33]} {[%emt
00:00:11]} 11. Nd2 {[%clk 01:30:23]} {[%emt 00:02:56]} Qe7 {[%clk 01:24:41]}
{[%emt 00:03:24]} 12. Bxe4 {[%clk 01:29:53]} {[%emt 00:00:59]} Nxe4 {[%clk
01:23:49]} {[%emt 00:01:22]} 13. Nxe4 {[%clk 01:30:05]} {[%emt 00:00:18]} Bf5
{[%clk 01:23:36]} {[%emt 00:00:44]} 14. Qd2 {[%clk 01:28:53]} {[%emt 00:01:41]}
Qxe4 {[%clk 01:21:44]} {[%emt 00:02:23]} 15. Rg1 {[%clk 01:28:06]} {[%emt
00:01:17]} Rfe8 {[%clk 01:19:18]} {[%emt 00:02:56]} 16. a3 {[%clk 01:27:50]}
{[%emt 00:00:45]} Re6 {[%clk 01:15:23]} {[%emt 00:04:26]} 17. Rc1 {[%clk
01:20:51]} {[%emt 00:07:28]} Rae8 {[%clk 01:12:38]} {[%emt 00:03:16]} 18. h3
{[%clk 01:18:56]} {[%emt 00:02:24]} Qh4 {[%clk 01:12:26]} {[%emt 00:00:42]} 19.
Kd1 {[%clk 01:16:11]} {[%emt 00:03:13]} Rg6 {[%clk 01:11:20]} {[%emt 00:01:38]}
20. Qe1 {[%clk 01:15:06]} {[%emt 00:01:34]} Qe4 {[%clk 01:07:19]} {[%emt
00:04:32]} 21. Qf1 {[%clk 01:14:42]} {[%emt 00:00:51]} Bd7 {[%clk 01:05:34]}
{[%emt 00:02:18]} 22. b3 {[%clk 01:13:52]} {[%emt 00:01:21]} a6 {[%clk
01:05:44]} {[%emt 00:00:20]} 23. a4 {[%clk 01:11:32]} {[%emt 00:02:49]} Rb6
{[%clk 01:02:35]} {[%emt 00:03:39]} 24. Qe2 {[%clk 01:11:20]} {[%emt 00:00:42]}
Rxb3 {[%clk 01:02:30]} {[%emt 00:00:35]} 25. Qa2 {[%clk 01:10:49]} {[%emt
00:01:02]} Qd3+ {[%clk 01:01:58]} {[%emt 00:01:02]} 26. Bd2 {[%clk 01:11:11]}
{[%emt 00:00:07]} Bc6 {[%clk 01:01:38]} {[%emt 00:00:50]} 27. Rc2 {[%clk
01:10:43]} {[%emt 00:00:58]} Ra3 {[%clk 01:01:54]} {[%emt 00:00:14]} 0-1

[Event "DVM U14 2023"]
[Site "Magdeburg GER"]
[Date "2023.12.27"]
[Round "2"]
[White "Zhang, Yibo"]
[Black "Ruddat, Jarne"]
[Result "0-1"]
[Termination "normal"]
[Board "5.1"]
[WhiteElo "1791"]
[BlackElo "1821"]
[WhiteClock "00:01:22"]
[BlackClock "00:01:41"]
[WhiteTeam "SV Stuttgart-Wolfbusch 1956"]
[BlackTeam "TSG Oberschöneweide"]
[PlyCount "81"]
[WhiteFideId "16287657"]
[BlackFideId "16254236"]
[EventCountry "GER"]
[EventRounds "7"]
[EventType "team-swiss"]
[EventDate "2023.12.26"]

1. e4 {[%clk 01:30:43]} {[%emt 00:00:16]} c5 {[%clk 01:30:57]} {[%emt
00:00:04]} 2. Nf3 {[%clk 01:31:09]} {[%emt 00:00:03]} Nc6 {[%clk 01:31:24]}
{[%emt 00:00:03]} 3. d4 {[%clk 01:31:29]} {[%emt 00:00:11]} cxd4 {[%clk
01:31:49]} {[%emt 00:00:05]} 4. Nxd4 {[%clk 01:31:46]} {[%emt 00:00:12]} g6
{[%clk 01:32:14]} {[%emt 00:00:05]} 5. c4 {[%clk 01:32:00]} {[%emt 00:00:16]}
Bg7 {[%clk 01:32:35]} {[%emt 00:00:09]} 6. Be3 {[%clk 01:32:06]} {[%emt
00:00:24]} Nf6 {[%clk 01:33:01]} {[%emt 00:00:05]} 7. Nc3 {[%clk 01:31:11]}
{[%emt 00:01:24]} O-O {[%clk 01:33:24]} {[%emt 00:00:08]} 8. Be2 {[%clk
01:30:51]} {[%emt 00:00:50]} Nxd4 {[%clk 01:33:48]} {[%emt 00:00:06]} 9. Bxd4
{[%clk 01:31:08]} {[%emt 00:00:13]} d6 {[%clk 01:34:15]} {[%emt 00:00:03]} 10.
O-O {[%clk 01:31:08]} {[%emt 00:00:30]} Bd7 {[%clk 01:34:27]} {[%emt 00:00:17]}
11. f3 {[%clk 01:30:03]} {[%emt 00:01:34]} Bc6 {[%clk 01:32:14]} {[%emt
00:02:44]} 12. Rc1 {[%clk 01:28:01]} {[%emt 00:02:33]} Nd7 {[%clk 01:31:15]}
{[%emt 00:01:28]} 13. Bxg7 {[%clk 01:24:38]} {[%emt 00:03:53]} Kxg7 {[%clk
01:31:38]} {[%emt 00:00:07]} 14. Qd4+ {[%clk 01:25:02]} {[%emt 00:00:06]} Kg8
{[%clk 01:31:14]} {[%emt 00:00:54]} 15. Rfd1 {[%clk 01:25:05]} {[%emt
00:00:27]} Qb6 {[%clk 01:25:10]} {[%emt 00:06:33]} 16. b3 {[%clk 01:21:14]}
{[%emt 00:04:22]} a5 {[%clk 01:11:08]} {[%emt 00:14:31]} 17. Kf2 {[%clk
01:15:40]} {[%emt 00:06:05]} Nc5 {[%clk 01:05:50]} {[%emt 00:05:48]} 18. Rb1
{[%clk 01:03:04]} {[%emt 00:13:06]} Qc7 {[%clk 00:51:22]} {[%emt 00:14:58]} 19.
Nd5 {[%clk 00:50:02]} {[%emt 00:13:32]} Bxd5 {[%clk 00:44:25]} {[%emt
00:07:27]} 20. exd5 {[%clk 00:48:31]} {[%emt 00:02:00]} Rfe8 {[%clk 00:36:47]}
{[%emt 00:08:09]} 21. Rd2 {[%clk 00:41:54]} {[%emt 00:07:07]} Na6 {[%clk
00:31:00]} {[%emt 00:06:16]} 22. f4 {[%clk 00:32:50]} {[%emt 00:09:34]} Qc5
{[%clk 00:29:22]} {[%emt 00:02:07]} 23. Qxc5 {[%clk 00:31:46]} {[%emt
00:01:35]} Nxc5 {[%clk 00:29:44]} {[%emt 00:00:08]} 24. Bf3 {[%clk 00:32:14]}
{[%emt 00:00:02]} f5 {[%clk 00:26:46]} {[%emt 00:03:28]} 25. Kf1 {[%clk
00:28:58]} {[%emt 00:03:47]} Ra6 {[%clk 00:23:45]} {[%emt 00:03:30]} 26. g4
{[%clk 00:27:31]} {[%emt 00:01:57]} fxg4 {[%clk 00:23:07]} {[%emt 00:01:09]}
27. Bxg4 {[%clk 00:26:51]} {[%emt 00:01:10]} Rf8 {[%clk 00:21:27]} {[%emt
00:02:09]} 28. Rd4 {[%clk 00:24:58]} {[%emt 00:02:22]} h5 {[%clk 00:21:11]}
{[%emt 00:00:46]} 29. Bh3 {[%clk 00:20:45]} {[%emt 00:04:42]} Rf6 {[%clk
00:17:43]} {[%emt 00:03:59]} 30. Ke2 {[%clk 00:12:54]} {[%emt 00:08:21]} Rb6
{[%clk 00:16:51]} {[%emt 00:01:22]} 31. f5 {[%clk 00:08:55]} {[%emt 00:04:30]}
g5 {[%clk 00:15:11]} {[%emt 00:02:10]} 32. Rf1 {[%clk 00:05:11]} {[%emt
00:04:14]} a4 {[%clk 00:14:40]} {[%emt 00:01:01]} 33. bxa4 {[%clk 00:05:18]}
{[%emt 00:00:23]} Rb4 {[%clk 00:12:19]} {[%emt 00:02:51]} 34. Rf2 {[%clk
00:03:01]} {[%emt 00:02:47]} Rxa4 {[%clk 00:12:12]} {[%emt 00:00:36]} 35. Kd1
{[%clk 00:03:30]} {[%emt 00:00:01]} Ra3 {[%clk 00:07:58]} {[%emt 00:04:43]} 36.
Bf1 {[%clk 00:03:42]} {[%emt 00:00:19]} Na4 {[%clk 00:05:43]} {[%emt 00:02:45]}
37. Rd3 {[%clk 00:02:17]} {[%emt 00:01:55]} Rxd3+ {[%clk 00:02:50]} {[%emt
00:03:24]} 38. Bxd3 {[%clk 00:02:41]} {[%emt 00:00:06]} Nc5 {[%clk 00:03:17]}
{[%emt 00:00:02]} 39. Bc2 {[%clk 00:02:56]} {[%emt 00:00:15]} Kg7 {[%clk
00:02:35]} {[%emt 00:01:11]} 40. h3 {[%clk 00:02:52]} {[%emt 00:00:35]} Kh6
{[%clk 00:01:41]} {[%emt 00:01:24]} 41. Ke2 {[%clk 00:01:22]} {[%emt 00:01:59]}
1-0